| 000 | 00485nam a2200181Ia 4500 | ||
|---|---|---|---|
| 003 | GCL | ||
| 008 | 140319s9999 xx 000 0 eng d | ||
| 040 |
_aGCL / _cGCL |
||
| 082 | 0 | 4 |
_a791.4309 _bK S |
| 100 | 1 | _aKHAYATI, KHEMAIS | |
| 245 | 1 | 0 |
_aSALAH ABOU SEIF: CINEASTE EGYPTEN / _cKHAYATI, KHEMAIS |
| 260 |
_a[S.N] : _bDAR AL- MAARIF ، _c1990 |
||
| 300 | _a273 P | ||
| 650 | 0 | 4 | _aSALAH ABOU SEIF |
| 650 | 0 | 4 | _aART, EGYPTIAN |
| 650 | 0 | 4 | _aMOTION PICTURES - EGYPT |
| 942 |
_2ddc _cBK |
||
| 999 |
_c20935 _d20935 |
||